| 000 -LEADER |
| fixed length control field |
00364nam a2200109Ia 4500 |
| 008 - FIXED-LENGTH DATA ELEMENTS--GENERAL INFORMATION |
| fixed length control field |
200302s9999 xx 000 0 und d |
| 100 ## - MAIN ENTRY--PERSONAL NAME |
| Personal name |
Frank Arneil Walker |
| 245 ## - TITLE STATEMENT |
| Title |
The Buildings of Scotland-Argyll, Bute And Stirling (Pevsner Architectural Guides) |
| 260 ## - PUBLICATION, DISTRIBUTION, ETC. |
| Name of publisher, distributor, etc. |
Penguin Books in Association with the buildings of Scotland Trust |
| 260 ## - PUBLICATION, DISTRIBUTION, ETC. |
| Date of publication, distribution, etc. |
2000 |
| 300 ## - PHYSICAL DESCRIPTION |
| Extent |
683 |